Thyroid Hormones in Milk: Physiological Approach - a Review

Bibliographic Details
Main Authors: Štrbák, Vladimír, 1943- (Author), Macho, Ladislav, 1930-2024 (Author), Škultétyová, M. (Author), Michaličková, Jaroslava, 1914-1993 (Author), Pohlová, G. (Author)
Format: Article
Language:Slovak
English
PhysicalDescription:Tb. 2. Obr. 14., lit. 48 zázn. v angl.
Subjects:

MARC

LEADER 00000nab a2200000 a 4500
001 vtls000172730
003 SK-MaSNL
005 20260304074052.0
008 250422c1983 xo 0 slo
015 |a SNBRB19rr/mm-uuuuu 
035 |a CL0182842 
035 |a (urnnbn)urn:nbn:sk:snk:ar-006mwg 
035 |a (uuid)959239fe-fc9a-4dc9-b1b8-cc5930f8dc89 
035 |a urn:nbn:sk:snk-ab86jh 
040 |a SNKBUCL  |b slo  |c SNKBUCL  |e AACR2 
041 0 |a eng 
044 |a xo  |c SK 
080 |a 577.175.4  |2 1981 
080 |a 612.664  |2 1981 
245 0 0 |a Thyroid Hormones in Milk: Physiological Approach - a Review  |c V. Štrbák ... [et al.] 
300 |b Tb. 2. Obr. 14., lit. 48 zázn. v angl. 
650 0 7 |a hormóny thyroidálne  |2 snkbucl  |9 925098 
650 0 7 |a materské mlieko  |2 snkbucl  |9 78889 
655 7 |a články z novín a časopisov  |2 snkbucl  |9 267496 
700 1 |a Štrbák, Vladimír,  |d 1943-  |4 aut  |9 183911 
700 1 |a Macho, Ladislav,  |d 1930-2024  |4 aut  |9 118281 
700 1 |a Škultétyová, M.  |4 aut  |9 951831 
700 1 |a Michaličková, Jaroslava,  |d 1914-1993  |4 aut  |9 154211 
700 1 |a Pohlová, G.  |4 aut  |9 1120755 
773 0 |t Endocrinologia experimentalis  |g Roč. 17, č. 3-4 (1983), s. 219-235 
850 |a Slovenská národná knižnica 
852 |a Slovenská národná knižnica 
958 |a article9 
958 |a RK 
958 |a NB 
958 |a OND 
958 |a EUIPO 
992 |a RBX 
999 |c 2774513  |d 2776443